zpět

Detail výsledku týmu

GENIUS LOCI Café, Hošťálkovy

Datum a čas kvízu

24.5 Celkem bodů Celkový počet nahraných bodů na tomto kvízu bez doplňovacích otázek.
4. Pořadí na kvízu Konečné umístění týmu na tomto kvízu.

Zaznamenané odpovědi

# Otázka Odpověď Body Výsledky
1. Která z těchto osobností se na... C 0
2. Křížové výpravy vždy musel vyh... Urban (II.) 1
3. V létě, konkrétně 6. července,... papírová čepice 1
4. Devět set let. Tolik letos 21.... Kosmas 0
5. Na začátku roku 1725, tedy pře... Petr (I.) Veliký 1
6. Jak se jmenovala katolická krá... Isabela Kastilská 1
7. Přiřaďte k těmto významným žen... 1C 2B 3A 4D 0
8. Žena na fotografii způsobila v... Spencer, Simpson 0
9. Čeng Š’ byla ve své profesi ne... pirátství 1
10. Místa, kde se narodila a zemře... New York, Lány 0